Экономика предприятий АПК: учебное пособие для вузов

Dades bibliogràfiques
Autor principal: Нечаев В. И. Василий Иванович
Altres autors: Парамонов П. Ф. Петр Филиппович, Халявка И. Е. Ирина Евгеньевна
Sumari:В учебном пособии представлен иллюстрационный материал по разделам дисциплины «Экономика организаций (предприятий)», включено свыше 500 схем, рисунков, таблиц, диаграмм, алгоритмов и др. иллюстраций. Пособие содержит краткие пояснения, список использованных источников. Рекомендуется студентам, аспирантам, преподавателям вузов, всем тем, кто самостоятельно постигает основы современной экономики, для изучения курса с использованием мультимедийных образовательных технологий.
Idioma:rus
Publicat: СПб., Лань, 2010
Matèries:
Format: MixedMaterials
KOHA link:https://koha.lib.tpu.ru/cgi-bin/koha/opac-detail.pl?biblionumber=183566

MARC

LEADER 00000nmm0a2200000 4500
001 183566
005 20231101223752.0
010 |a 9785811409679 
035 |a (RuTPU)RU\TPU\book\198985 
090 |a 183566 
100 |a 20100812d2010 m y0rusy50 ca 
101 0 |a rus 
102 |a RU 
105 |a a j 001zy 
200 1 |a Экономика предприятий АПК  |e учебное пособие для вузов  |f В. И. Нечаев, П. Ф. Парамонов, И. Е. Халявка 
210 |a СПб.  |c Лань  |d 2010 
215 |a 464 с.  |c ил.  |e Прил.: CD-ROM 
320 |a Библиогр.: с. 459-460. 
330 |a В учебном пособии представлен иллюстрационный материал по разделам дисциплины «Экономика организаций (предприятий)», включено свыше 500 схем, рисунков, таблиц, диаграмм, алгоритмов и др. иллюстраций. Пособие содержит краткие пояснения, список использованных источников. Рекомендуется студентам, аспирантам, преподавателям вузов, всем тем, кто самостоятельно постигает основы современной экономики, для изучения курса с использованием мультимедийных образовательных технологий. 
606 1 |a Агропромышленный комплекс, предприятия  |x Экономика  |2 stltpush  |3 (RuTPU)RU\TPU\subj\69829  |9 84518 
610 1 |a экономика 
610 1 |a Российская Федерация 
610 1 |a предприятия 
610 1 |a сельскохозяйственное производство 
610 1 |a сельскохозяйственные предприятия 
610 1 |a основные средства 
610 1 |a оборотные средства 
610 1 |a нематериальные активы 
610 1 |a трудовые ресурсы 
610 1 |a информационные ресурсы 
610 1 |a земельные ресурсы 
610 1 |a организационная структура 
610 1 |a организация производства 
610 1 |a ценовая политика 
610 1 |a рентабельность 
610 1 |a государственное регулирование 
610 1 |a планирование 
610 1 |a прогнозирование 
610 1 |a научно-технический прогресс 
610 1 |a инновации 
610 1 |a инвестиции 
610 1 |a конкурентоспособность 
610 1 |a продукция 
610 1 |a эффективность 
610 1 |a экономическая безопасность 
610 1 |a банкротство 
610 1 |a учебные пособия 
686 |a У9(2)32я73  |v LBC/SL-A  |2 rubbk 
700 1 |a Нечаев  |b В. И.  |g Василий Иванович 
701 1 |a Парамонов  |b П. Ф.  |g Петр Филиппович 
701 1 |a Халявка  |b И. Е.  |g Ирина Евгеньевна 
801 1 |a RU  |b 63413507  |c 20100812 
801 2 |a RU  |b 63413507  |c 20160118  |g RCR 
942 |c MX 
959 |a 48/20100812  |d 5  |e 759,92  |f ЧЗГЛ:1  |f АНЛ:1  |f Ф_ТПУ_Новокузнецк:3